Els Serveis socials i les drogodependències / redacció, M. Carme Iniesta i Torres, Marina Valls i Altimira
Publicado:
Barcelona :
Generalitat de Catalunya, Institut Català d'Assistència i Serveis Socials ,
1990
Descripción Física:
27 p. ; 21 cm
Otros Autores:
Valls i Altimira, Marina
MARC
| LEADER | 00000nam a2200000Ia 4500 | ||
|---|---|---|---|
| 001 | 9156 | ||
| 003 | BGR | ||
| 005 | 20260324175338.0 | ||
| 008 | 160829s1990 xx 000 0 cat d | ||
| 080 | |a FU-9-68 | ||
| 100 | |a Iniesta i Torres, M. Carme |9 28146 | ||
| 245 | |a Els Serveis socials i les drogodependències / redacció, M. Carme Iniesta i Torres, Marina Valls i Altimira | ||
| 260 | |a Barcelona : |b Generalitat de Catalunya, Institut Català d'Assistència i Serveis Socials, |c 1990 | ||
| 300 | |a 27 p. ; |c 21 cm | ||
| 650 | |a Drogoaddictes |x Serveis socials |x Catalunya |9 28147 | ||
| 700 | |a Valls i Altimira, Marina |9 28148 | ||
| 710 | |a Institut Català d'Assistència i Serveis Socials |9 57836 | ||
| 901 | |a Arxiu | ||
| 942 | |n 1 |2 udc |c MON | ||
| 952 | |0 0 |1 0 |4 0 |6 FU968 |7 1 |9 44692 |a Arxiu |b Arxiu |d 2016-12-01 |l 0 |o FU-9-68 |p 9156 |r 2016-12-01 00:00:00 |w 2016-12-01 |y ARXIU | ||
| 999 | |c 47273 |d 47273 | ||